Deuterocanonical Books of the Bible : (Record no. 229495)
[ view plain ]
| 000 -LEADER | |
|---|---|
| fixed length control field | 01151cam a22002413a 4500 |
| 001 - CONTROL NUMBER | |
| control field | 124 |
| 003 - CONTROL NUMBER IDENTIFIER | |
| control field | PGUSA |
| 005 - DATE AND TIME OF LATEST TRANSACTION | |
| control field | 20140828082944.0 |
| 008 - FIXED-LENGTH DATA ELEMENTS--GENERAL INFORMATION | |
| fixed length control field | 940401s1994||||xxu|||||s|||||000 | eng d |
| 040 ## - CATALOGING SOURCE | |
| Original cataloging agency | PGUSA |
| Language of cataloging | eng |
| 042 ## - AUTHENTICATION CODE | |
| Authentication code | dc |
| 050 #4 - LIBRARY OF CONGRESS CALL NUMBER | |
| Classification number | BS |
| 245 10 - TITLE STATEMENT | |
| Title | Deuterocanonical Books of the Bible : |
| Remainder of title | Apocrypha |
| Medium | [electronic resource] / |
| Statement of responsibility, etc | Anonymous |
| 260 ## - PUBLICATION, DISTRIBUTION, ETC. (IMPRINT) | |
| Name of publisher, distributor, etc | Project Gutenberg, |
| Date of publication, distribution, etc | 1994 |
| 505 0# - FORMATTED CONTENTS NOTE | |
| Formatted contents note | The First Book of Esdras -- The Second Book of Esdras Esdras [sometimes Fourth Book of Ezra] -- The Greek Additions to Esther -- The First Book of the Maccabees -- The Second Book of the Maccabees -- The Book of Tobit -- The Book of Judith -- The Wisdom of Solomon -- The Book of Sirach (or Ecclesiasticus) -- The Book of Baruch -- The Epistle (or letter) of Jeremiah -- The Book of Susanna (in Daniel) -- The Prayer of Azariah -- The Prayer of Manasseh -- Bel and the Dragon (in Daniel). |
| 506 ## - RESTRICTIONS ON ACCESS NOTE | |
| Terms governing access | Public domain in the USA. |
| 516 ## - TYPE OF COMPUTER FILE OR DATA NOTE | |
| Type of computer file or data note | Electronic text |
| 653 ## - INDEX TERM--UNCONTROLLED | |
| Uncontrolled term | Apocryphal books (Old Testament) |
| 653 ## - INDEX TERM--UNCONTROLLED | |
| Uncontrolled term | Bible. Apocrypha |
| 830 #0 - SERIES ADDED ENTRY--UNIFORM TITLE | |
| Uniform title | Project Gutenberg |
| Volume number/sequential designation | 124 |
| 856 40 - ELECTRONIC LOCATION AND ACCESS | |
| Uniform Resource Identifier | <a href="http://www.gutenberg.org/ebooks/124">http://www.gutenberg.org/ebooks/124</a> |
| 942 ## - ADDED ENTRY ELEMENTS (KOHA) | |
| Koha item type | eBooks |
| Withdrawn status | Lost status | Damaged status | Home library | Current library | Date acquired | Total Checkouts | Date last seen | Price effective from | Koha item type |
|---|---|---|---|---|---|---|---|---|---|
| Project Gutenberg | Project Gutenberg | 08/28/2014 | 08/28/2014 | 08/28/2014 | eBooks |